000 00483nam a22001577a 4500
005 20141007120933.0
008 141007b xxu||||| |||| 00| 0 eng d
050 _aQR 41.2
_b.C838 2012
100 _aCowan, Marjorie Kelly.
245 _aMicrobiology :
_ba systems approach /
_cMarjorie Kelly Cowan.
250 _a4th ed.
260 _aNew York :
_bMcGraw-Hill,
_cc2012.
300 _a801 pages :
_bcolored illustrations ;
_c28 cm.
650 _aMicrobiology.
942 _2lcc
_cBK
_kFOR
999 _c276026
_d276026